[Event "Quebec op U1400"]
[Site "Montreal"]
[Date "2008.07.22"]
[Round "4"]
[White "Deroneth, Jacques"]
[Black "Aronowitz, Charles"]
[Result "1-0"]
[WhiteElo "1317"]
[BlackElo "1365"]
[PlyCount "59"]
[EventDate "2008.07.19"]
[EventType "swiss"]
[EventRounds "9"]
[EventCountry "CAN"]
[SourceTitle "EXT 2011"]
[Source "ChessBase"]
[SourceDate "2010.11.26"]
[SourceVersion "1"]
[SourceVersionDate "2010.11.26"]
[SourceQuality "1"]

1. e4 e5 2. Nf3 Nc6 3. Bb5 d6 4. d4 exd4 5. Nxd4 Bd7 6. Nxc6 bxc6 7. Bc4 Nf6 8. Nc3 Be7 9. 0-0 0-0 10. Kh1 Rb8 11. b3 Re8 12. f3 Qc8 13. Be3 Ra8 14. Qd2 Be6 15. Bd3 h6 16. f4 Ng4 17. Bg1 f5 18. h3 Nf6 19. e5 Nd7 20. Rae1 Bh4 21. Re2 dxe5 22. fxe5 Bg5 23. Qe1 Rf8 24. Qg3 Qd8 25. Qf3 c5 26. Qc6 Re8 27. Bxf5 Bxf5 28. Rxf5 Be7 29. Rd2 Nxe5 30. Qe6+ 1-0